[Event "POL-chT"]
[Site "Poland"]
[Date "2015.10.03"]
[Round "8.5"]
[White "Leks, Maria"]
[Black "Warakomska, Anna"]
[Result "0-1"]
[WhiteElo "2096"]
[BlackElo "2260"]
[PlyCount "54"]
[EventDate "2015.05.08"]
[EventType "team-tourn"]
[EventRounds "9"]
[EventCountry "POL"]
[SourceTitle "EXT 2017"]
[Source "ChessBase"]
[SourceDate "2016.10.25"]
[SourceVersion "1"]
[SourceVersionDate "2016.10.25"]
[SourceQuality "1"]
[WhiteTeam "Krakow Wisla"]
[BlackTeam "Gliwice Akademia Szachowa"]
[WhiteTeamCountry "POL"]
[BlackTeamCountry "POL"]

1. e4 e5 2. Nf3 Nc6 3. Bc4 Bc5 4. a3 Nf6 5. b4 Bb6 6. Nc3 Nxe4 7. Bxf7+ Kxf7 8. Nxe4 d5 9. Neg5+ Kg8 10. d3 h6 11. Nh3 Bxh3 12. gxh3 Qf6 13. 0-0 Rf8 14. Kg2 e4 15. dxe4 Qg6+ 16. Ng5 hxg5 17. Qxd5+ Kh7 18. f3 Bd4 19. Rb1 Bf6 20. Be3 Rd8 21. Qb5 Ne5 22. Rbd1 Rxd1 23. Rxd1 Qh5 24. Rf1 Kg6 25. Kh1 Qxh3 26. Bg1 Rd8 27. Qe2 Rd2 0-1

[Event "POL-chT"]
[Site "Poland"]
[Date "2015.09.05"]
[Round "5.3"]
[White "Socko, Monika"]
[Black "Leks, Maria"]
[Result "1-0"]
[WhiteElo "2467"]
[BlackElo "2096"]
[PlyCount "77"]
[EventDate "2015.05.08"]
[EventType "team-tourn"]
[EventRounds "9"]
[EventCountry "POL"]
[SourceTitle "EXT 2016"]
[Source "ChessBase"]
[SourceDate "2015.10.08"]
[SourceVersion "1"]
[SourceVersionDate "2015.10.08"]
[SourceQuality "1"]
[WhiteTeam "Katowice Wasko"]
[BlackTeam "Krakow Wisla"]
[WhiteTeamCountry "POL"]
[BlackTeamCountry "POL"]

1. e4 d6 2. d4 Nf6 3. Nc3 e5 4. Nf3 Nbd7 5. Bc4 Be7 6. 0-0 0-0 7. a4 a5 8. Re1 c6 9. h3 Qc7 10. Ba2 h6 11. Be3 Re8 12. Nh4 Nf8 13. Qf3 Be6 14. Nf5 Bxf5 15. Qxf5 g6 16. Qf3 Kg7 17. Rad1 Ne6 18. dxe5 dxe5 19. Bxe6 fxe6 20. Qe2 Bf8 21. Qc4 Qe7 22. Na2 Kh7 23. c3 c5 24. Nc1 b6 25. Nd3 Qc7 26. f4 Bd6 27. Rf1 exf4 28. Nxf4 Be5 29. Nxe6 Bh2+ 30. Kh1 Qe5 31. Nf4 Bxf4 32. Qf7+ Kh8 33. Bxf4 Qe7 34. Qxe7 Rxe7 35. Bd6 Re6 36. Rxf6 Rxf6 37. Be5 Raf8 38. Rd6 Kg7 39. h4 1-0

[Event "POL-chT"]
[Site "Poland"]
[Date "2015.09.04"]
[Round "4.3"]
[White "Leks, Maria"]
[Black "Kika, Dorota"]
[Result "1-0"]
[WhiteElo "2096"]
[BlackElo "2202"]
[PlyCount "119"]
[EventDate "2015.05.08"]
[EventType "team-tourn"]
[EventRounds "9"]
[EventCountry "POL"]
[SourceTitle "EXT 2016"]
[Source "ChessBase"]
[SourceDate "2015.10.08"]
[SourceVersion "1"]
[SourceVersionDate "2015.10.08"]
[SourceQuality "1"]
[WhiteTeam "Krakow Wisla"]
[BlackTeam "Grudziadz Rotmistrz"]
[WhiteTeamCountry "POL"]
[BlackTeamCountry "POL"]

1. e4 c6 2. c4 d5 3. exd5 cxd5 4. cxd5 Nf6 5. Qa4+ Nbd7 6. Nc3 g6 7. Bc4 Bg7 8. Nf3 0-0 9. d3 a6 10. Qa3 Qc7 11. 0-0 Ne5 12. Nxe5 Qxe5 13. h3 Rb8 14. Bb3 Bf5 15. Be3 b5 16. Qxa6 Bxd3 17. Rfd1 Qf5 18. Rd2 Ra8 19. Qb7 Rfb8 20. Qxe7 b4 21. Na4 Re8 22. Qxb4 Rxe3 23. fxe3 Ne4 24. Rad1 Be5 25. Bc4 Nxd2 26. Qxd2 Bxc4 27. Nb6 Rc8 28. Nxc8 Qxc8 29. d6 Qd7 30. b3 Bb5 31. a4 Bc6 32. a5 Bb5 33. Qd5 Bg3 34. Qc5 Kg7 35. b4 h5 36. Qd4+ Kh7 37. Qf6 Be2 38. Rd2 Bc4 39. Qd4 Bb5 40. Qb6 Qf5 41. Rd1 Qc2 42. Qd4 Qf2+ 43. Kh1 Be2 44. Rg1 Bf3 45. Qc4 Bb7 46. d7 Qf5 47. e4 Qxd7 48. Rf1 f5 49. exf5 gxf5 50. Qe2 Kg6 51. Rd1 Qc6 52. b5 Qe4 53. Qxe4 fxe4 54. a6 Bxa6 55. bxa6 Bf2 56. Rd7 e3 57. Re7 Kf6 58. a7 Kxe7 59. a8Q h4 60. g4 1-0

[Event "Rubinstein Memorial op 51st"]
[Site "Polanica Zdroj"]
[Date "2015.08.24"]
[Round "3"]
[White "Chylewski, Patryk"]
[Black "Leks, Maria"]
[Result "1-0"]
[WhiteElo "2143"]
[BlackElo "2101"]
[PlyCount "99"]
[EventDate "2015.08.22"]
[EventType "swiss"]
[EventRounds "9"]
[EventCountry "POL"]
[SourceTitle "EXT 2016"]
[Source "ChessBase"]
[SourceDate "2015.10.08"]
[SourceVersion "1"]
[SourceVersionDate "2015.10.08"]
[SourceQuality "1"]

1. d4 d5 2. c4 c6 3. Nf3 Nf6 4. e3 Bf5 5. Nc3 e6 6. Nh4 Bg4 7. Qb3 Qb6 8. h3 Bh5 9. g4 Bg6 10. Nxg6 hxg6 11. Bg2 Nbd7 12. g5 Nh5 13. Bd2 Be7 14. h4 Rb8 15. 0-0-0 Qxb3 16. axb3 b5 17. cxb5 cxb5 18. Bf1 a6 19. Bd3 Nb6 20. Na2 0-0 21. Kb1 f5 22. Nb4 Ra8 23. Rc1 Bxb4 24. Bxb4 Rfc8 25. Ba5 Nd7 26. Bc7 Kf7 27. Rc2 Ke8 28. Rhc1 Nf8 29. Be5 Rxc2 30. Rxc2 Kd8 31. Rc6 Kd7 32. Rc7+ Kd8 33. Ka2 Rc8 34. Ra7 Rc6 35. Bxg7 Nxg7 36. Rxg7 Rc7 37. Rxc7 Kxc7 38. Be2 Kd6 39. Ka3 e5 40. h5 gxh5 41. Bxh5 Ne6 42. g6 exd4 43. exd4 Ke7 44. Kb4 Kf6 45. Bf3 Nxd4 46. Bxd5 Kxg6 47. Kc5 Nc2 48. Bb7 Ne1 49. Kd4 a5 50. Kc3 1-0